Największe miasta Gruzji - Statystyki

Ogólne statystyki
  • Ten quiz został rozwiązany 50 razy
  • Średni wynik to 5 z 10
Statystyki odpowiedzi
Populacja Miasto % Poprawnych
1 108 717 Tbilisi
97%
152 839 Batumi
94%
147 635 Kutaisi
86%
48 143 Gori
58%
39,100 Suchumi
44%
41,465 Poti
39%
125 103 Rustawi
36%
42 998 Zugdidi
28%
30,000 Cchinwali
11%
33 627 Chaszuri
11%
Nie znaleziono quizów pasujących do podanych kryteriów
Rozkład punktacji
Procent ludzi z każdym wynikiem
Percentyl według liczby udzielonych odpowiedzi
Twoja historia wyników
Nie rozwiązałeś tego quizu